Quelle est l'origine de ce prénom ? 3 - Statistiques

Statistiques générales
  • Ce quiz a été pris 34 fois
  • Le résultat moyen est 5 sur 24
Statistiques - réponses
Question Réponse % Correct
Tokiko Japonais
64%
Yavuz Turc
64%
Fyuuji Japonais
45%
Carmo Portugais
45%
Ajax Grec
36%
Aod Grec
36%
Siki Japonais
36%
Esa Finlandais
27%
Ziv Hebreu
27%
Ceren Turc
27%
Anu Finlandais
18%
Aglaia Grec
18%
Odd Norvégien
18%
Beyza Turc
18%
Kati Finlandais
9%
Adi Hebreu
9%
Torger Norvégien
9%
Netuno Portugais
9%
Emelie Suédois
9%
Bjorn Suédois
9%
Meir Hebreu
0%
Gro Norvégien
0%
Matheus Portugais
0%
Nea Suédois
0%
Aucun quiz correspondant
Distribution des résultats
% des personnes avec chaque résultat
Percentile par nombre de réponses
Votre historique - résultats
Vous n’avez pas pris ce quiz